00347nam a2200133Ia 4500008004100000020001500041041001200056082001600068100002100084245005900105260002500164300000800189650001600197221030s9999 xx 000 0 und d a0070435367 aEnglish a105.23bKri aN. Krishnamurthy 0aIntroduction to Computer Graphicscby N. Krishnamurthy bTMHaNew Delhic2003 a343 aBE Computer